000
00253nam a22001097a 4500
082
_a
741.642
100
_a
Verendar
_9
76607
245
_a
Freezing Stories For Children
260
_a
Delhi
_b
Raj Book
_c
2017
650
_a
Children
_9
80427
942
_c
BK
999
_c
63791
_d
63791